00440nam a2200121Ia 450000500170000000800410001708200190005824500480007726000450012530000180017050001050018870000250029320250306032836.0240331s9999 xx 000 0 und d bKAN24094a920 0aSrila Sri Nallur Arumuga Navalar Sarithiram aEarlalaibPuveneswary Amman Templec1994 a1.55, 321 p., aThe history of Srila Sri Arumuga Navalar of Nallur, a Tamil language scholar and religious reformer. aV. Kanagaratnameedt